000 00742cam a2200217 a 4500
001 000007521
005 20200929154210.0
008 000302s1998 pn a 000 0 spa
020 _a9962020107
040 _aDO-SdBNP
_cDLC
082 _aPa864.44
_bH565e
100 1 _aHerrera C., Lil María,
_q(Lil María Herrera Castillo),
_d1965-
_920882
245 1 0 _aEntre figuras y andanzas :
_bmotivos periodísticos /
_cLil María Herrera Castillo.
260 _aPanamá :
_bSibauste,
_c1998.
300 _a208 p. :
_bil. ;
_c21 cm.
590 _aLa biblioteca posee un ejemplar autobiografiado.
650 4 _aEnsayos panameños
_920883
650 4 _aLiteratura panameña
_ySIGLO XX
_920884
910 _aCatalogación por copia / LC
049 _aBNGR
999 _c7302
_d7302